Missing Word: Oscar C's Quiz Stats

 Plays Quiz Updated Apr 1, 2012

Support Sporcle.
Go Orange.
Score 0/40 Timer 05:00
0 Plays Today
Winner C Word % Correct
Heaven ___ WaitCan
94.9%
Guess Who's ___ to DinnerComing
94%
Baby, It's ___ OutsideCold
93.5%
___ GableClark
92.6%
Nicolas ___Cage
92.3%
To ___ a ThiefCatch
91.2%
___ BaleChristian
90.6%
___ BlanchettCate
90.6%
No ___ for Old MenCountry
88.1%
___ Tiger, Hidden DragonCrouching
87.5%
___ Gooding, Jr.Cuba
86.6%
___ WalkenChristopher
86.6%
What Dreams May ___Come
85.5%
The ___ of NarniaChronicles
85.3%
___ KaneCitizen
85%
___ TheronCharlize
79.2%
Francis Ford ___Coppola
75.6%
The French ___Connection
75.3%
___ HestonCharlton
73.5%
___ of FireChariots
71.2%
Winner C Word % Correct
Julius ___Caesar
70.5%
Master and ___Commander
63.1%
James ___Cameron
61.4%
___ LeachmanCloris
59.7%
Midnight ___Cowboy
55.2%
Sean ___Connery
53.4%
___ de BergeracCyrano
52.9%
Joan ___Crawford
46%
Frank ___Capra
46%
Kevin ___Costner
43.6%
Gary ___Cooper
42.9%
White ___Christmas
39.8%
___ RobertsonCliff
39%
Julie ___Christie
37.7%
Harlan ___, U.S.A.County
33.2%
___ ParadisoCinema
30.6%
The Naked ___City
13.6%
___ ReedCarol
13%
George ___Cukor
10.9%
The Nights of ___Cabiria
4.5%

Today's Daily Dose

Missing Word
50 Cent Songs

Word Ladder
Close Gunshot

Quick Pick
Pop Punk Bands

Get the Picture
An 'S' in Disney

From the Vault

Find the Counties of England - No Outlines Minefield

by smac17

We think England quizzes are just tea-riffic.
Remove Ads.
Support Sporcle.
Get the best of Sporcle when you Go Orange. This ad-free experience offers more features, more stats, and more fun while also helping to support Sporcle. Thank you for becoming a member.

Show Comments

Extras

Top Quizzes Today


Score Distribution

Your Account Isn't Verified!

In order to create a playlist on Sporcle, you need to verify the email address you used during registration. Go to your Sporcle Settings to finish the process.

Report this User

Report this user for behavior that violates our Community Guidelines.

Details: